| 000 | 00484nam a2200193Ia 4500 | ||
|---|---|---|---|
| 001 | 66888 | ||
| 008 | 150514s9999 xx 000 0 und d | ||
| 020 | _a0721636810 | ||
| 040 | _cPK-LaUMT | ||
| 082 |
_aMAL 301.243 _bFIS-S |
||
| 100 | _aFischer, Robert B. | ||
| 245 |
_aScience, man & society _cFischer, Robert B. |
||
| 250 | _a2nd | ||
| 260 |
_aPhiladelphia,USA: _bW. B. Saunders, _c1975 |
||
| 300 | _a208 p. | ||
| 546 | _aEN | ||
| 650 | _aScience-Social aspects | ||
| 942 | _cBK | ||
| 999 |
_c71716 _d71716 |
||